| 000 | 01644nam a2200481 i 4500 | ||
|---|---|---|---|
| 001 | 42725 | ||
| 003 | KOSZ 005 | ||
| 005 | 20200219150612.0 | ||
| 008 | 030106s2002 pl a f f |001 0 pol | ||
| 015 | _aPB 2003/325 | ||
| 020 | _a8320427746 | ||
| 035 | _a991020014849705066 | ||
| 035 | _a(PL-WaBN)b15424868-48omnis_nlop | ||
| 035 | _ab15424868 | ||
| 035 | _a(OCoLC)749329719 | ||
| 035 | _a(PL)b0000001542486 | ||
| 035 | _a(EXLNZ-48OMNIS_NETWORK)9910523831705606 | ||
| 040 |
_aWA N _cWA N _dKOSZ 005/HR |
||
| 041 | 0 | _apol | |
| 046 | _k2002 | ||
| 080 | _a004.032.26 | ||
| 080 | _a(07) | ||
| 100 | 1 |
_aKosiński, Robert A. _eAutor |
|
| 245 | 1 | 0 |
_aSztuczne sieci neuronowe : _bdynamika nieliniowa i chaos / _cRobert A. Kosiński. |
| 260 |
_aWarszawa : _bWydawnictwa Naukowo-Techniczne, _c2002. |
||
| 300 |
_a195, [1] s. : _bil. ; _c24 cm. |
||
| 336 |
_2rdacontent _aTekst _btxt |
||
| 337 |
_2rdamedia _aBez urządzenia pośredniczącego _bn |
||
| 338 |
_2rdacarrier _aWolumin _bnc |
||
| 380 | _aKsiążki | ||
| 380 | _aPublikacje naukowe | ||
| 380 | _aPublikacje dydaktyczne | ||
| 388 | _a2001- | ||
| 504 | _aBibliogr. Indeks. | ||
| 521 | 8 | _aDla pracowników naukowych, doktorantów, studentów i inżynierów zainteresowanych sztucznymi sieciami neuronowymi. | |
| 650 | 7 |
_aSieci neuronowe _2DBN |
|
| 655 | 7 |
_aPodręcznik _2DBN |
|
| 658 | _aInformatyka i technologie informacyjne | ||
| 710 | 2 |
_aWydawnictwa Naukowo-Techniczne _4pbl |
|
| 856 |
_uhttp://koha.tu.koszalin.pl/cgi-bin/koha/opac-detail.pl?biblionumber=42725 _yKatalog online BPK |
||
| 942 |
_2UKD _cKS |
||
| 999 |
_c42725 _d42725 |
||